El Hombre de Orce : los homínidos que llegaron del sur / José Gibert los homínidos que llegaron del sur / José Gibert
ISBN:
84-933378-5-4
Descripción Física:
450 p. : il. ; 25 cm
MARC
| LEADER | 00000nam a2200000Ia 4500 | ||
|---|---|---|---|
| 001 | 17212 | ||
| 008 | 160829s2004 xx 000 0 cat d | ||
| 020 | |a 84-933378-5-4 | ||
| 080 | |a H-2-314 | ||
| 100 | |a Gibert Clols, Josep |9 24856 | ||
| 245 | |a El Hombre de Orce : |b los homínidos que llegaron del sur / José Gibert | ||
| 260 | |a Córdoba : |b Almuzara, |c 2004 | ||
| 300 | |a 450 p. : |b il. ; |c 25 cm | ||
| 650 | 0 | |a Restes humanes (Arqueologia) |z Orce (Andalusia) |9 24857 | |
| 650 | 0 | |a Restes humanes (Arqueologia) |z Cartagena (Múrcia) |9 24858 | |
| 650 | |a Cueva Victoria (Cartagena : Jaciment arqueològic) |9 36452 | ||
| 650 | |a Venta Micena (Orce : Jaciment arqueològic) |9 24861 | ||
| 651 | 0 | |a Orce (Andalusia) |x Arqueologia |9 56112 | |
| 901 | |a Arxiu | ||
| 942 | |n 1 | ||
| 952 | |0 0 |1 0 |4 0 |6 H2314 |7 1 |9 43345 |a Arxiu |b Arxiu |d 2016-12-01 |l 0 |o H-2-314 |p 17212 |r 2016-12-01 00:00:00 |w 2016-12-01 |y ARXIU | ||
| 999 | |c 45890 |d 45890 | ||